Cultura política, cidadania e representação na urbs sem civitas: a metrópole do Rio de Janeiro /

Se establecen elementos teóricos, para reflexionar sobre la cultura política como condición para el ejercicio de la ciudadanía activa, en un contexto urbano marcado por la segregación socioespacial. De ahí, que la discusión teórica pretende evidenciar la dimensión de las desigualdades urbanas, en el...

Volledige beschrijving

Bewaard in:
Bibliografische gegevens
Hoofdauteur: Ribeiro, Luiz Cesar de Queiroz
Andere auteurs: Souza Corrêa, Filipe
Formaat: Texto
Taal:Portuguese
Onderwerpen:
Tags: Voeg label toe
Geen labels, Wees de eerste die dit record labelt!

MARC

LEADER 00000 a a2200000 04500
001 47405
003 cru CIDCACS/IIS
005 20181129062530.0
007 ta
008 180810b2012 bl ||||| |||| 00| 0 por d
999 |c 20364  |d 20364 
040 |c cru CIDCACS/IIS 
100 |a Ribeiro, Luiz Cesar de Queiroz  
245 |a Cultura política, cidadania e representação na urbs sem civitas:   |b a metrópole do Rio de Janeiro /  |c Luiz Cesar de Queiroz Ribeiro, Filipe Souza Corrêa  
520 |a Se establecen elementos teóricos, para reflexionar sobre la cultura política como condición para el ejercicio de la ciudadanía activa, en un contexto urbano marcado por la segregación socioespacial. De ahí, que la discusión teórica pretende evidenciar la dimensión de las desigualdades urbanas, en el entendimiento de las diferentes culturas políticas, entre ciudadanos metropolitanos, para el caso de Rio de Janeiro, en Brasil. Como metodología de análisis, se usa la encuesta sobre Cultura Política del 2006 en la Región Metropolitana de Rio de Janeiro. Se evidencia, en primer lugar, la importancia de la consideración de la dimensión urbana en los análisis de cultura política en el espacio metropolitano; en segundo lugar, el análisis de los resultados electorales es reflejo de posibles conexiones entre la dimensión de la cultura política, entendida a partir de su diferenciación socioespacial. 
650 0 |9 617  |a CIUDADES 
650 0 |a CIUDADANIA  |9 414 
650 0 |9 1180  |a DESARROLLO URBANO 
650 0 |9 77  |a DESIGUALDAD SOCIAL 
650 0 |9 5165  |a CULTURA POLITICA 
651 0 |9 387  |a BRASIL 
700 |a Souza Corrêa, Filipe  
773 |g volumen14, número30, (2012), páginas 156-193 : tablas, mapas  
942 |2 ddc  |c PP